Ekonomické a právní aspekty řešení obezity ve světě
Fiškálna politika s cieľom zlepšenia stravovacích návykov a prevencie ochorení, ktoré sú spojené so stravou, spolu s fiškálnymi intervenciami a ich kľúčová úloha v mnohých ekonomikách sveta. Rôzne spôsoby korekcie trhových zlyhaní teda situácií, kedy cena produktu naplno a často ani čiastočne neodrá...
Guardado en:
| Autor principal: | |
|---|---|
| Formato: | Capítulo de libro |
| Lenguaje: | inglés |
| Materias: | |
| Etiquetas: |
Sin Etiquetas, Sea el primero en etiquetar este registro!
|
MARC
| LEADER | 00000naa a2200000 4500 | ||
|---|---|---|---|
| 001 | 0258972 | ||
| 005 | 20191029150551.4 | ||
| 041 | 0 | |a eng | |
| 044 | |a SK | ||
| 245 | 1 | 0 | |a Ekonomické a právní aspekty řešení obezity ve světě |c Jana Bellová |
| 520 | |a Fiškálna politika s cieľom zlepšenia stravovacích návykov a prevencie ochorení, ktoré sú spojené so stravou, spolu s fiškálnymi intervenciami a ich kľúčová úloha v mnohých ekonomikách sveta. Rôzne spôsoby korekcie trhových zlyhaní teda situácií, kedy cena produktu naplno a často ani čiastočne neodráža ich společenské náklady. Rôzne prístupy k riešeniu obezity ve svete s dôrazom na ich ekonomické a právne aspekty a to za použitia metód analýzy, syntézy, dedukcie a indukcie. | ||
| 610 | 2 | 0 | |a politika fiškálna |
| 610 | 2 | 0 | |a intervencie |
| 610 | 2 | 0 | |a zlyhanie trhu |
| 610 | 2 | 0 | |a stravovanie spoločné |
| 610 | 2 | 0 | |a štýl životný |
| 610 | 2 | 0 | |a zdravie |
| 610 | 2 | 0 | |a prevencia |
| 100 | 1 | |a Bellová, Jana | |